[Event "Toronto op U1600"]
[Site "Toronto"]
[Date "2014.04.18"]
[Round "1"]
[White "Bercovici, Mark"]
[Black "Pirri, Daniele"]
[Result "0-1"]
[WhiteElo "1229"]
[BlackElo "1472"]
[PlyCount "34"]
[EventDate "2014.04.18"]
[EventType "swiss"]
[EventRounds "6"]
[EventCountry "CAN"]
[SourceTitle "EXT 2022"]
[Source "ChessBase"]
[SourceDate "2021.10.06"]
[SourceVersion "1"]
[SourceVersionDate "2021.10.06"]
[SourceQuality "1"]

1. e4 e5 2. Nc3 Bc5 3. f4 Bxg1 4. Rxg1 Qh4+ 5. g3 Qxh2 6. Ne2 d6 7. d4 Bg4 8. Rg2 Qh5 9. Qd3 Nd7 10. Bd2 Ngf6 11. Nc3 0-0 12. Be3 Rfe8 13. Be2 Rad8 14. 0-0-0 Bxe2 15. Nxe2 Qf3 16. Rf2 Qxe4 17. Qd2 Ng4 0-1

[Event "Toronto op U1600"]
[Site "Toronto"]
[Date "2014.04.18"]
[Round "2"]
[White "Pirri, Daniele"]
[Black "Archibald, Colin B"]
[Result "1-0"]
[WhiteElo "1472"]
[BlackElo "1393"]
[PlyCount "63"]
[EventDate "2014.04.18"]
[EventType "swiss"]
[EventRounds "6"]
[EventCountry "CAN"]
[SourceTitle "EXT 2022"]
[Source "ChessBase"]
[SourceDate "2021.10.06"]
[SourceVersion "1"]
[SourceVersionDate "2021.10.06"]
[SourceQuality "1"]

1. d4 d5 2. c4 e6 3. Nf3 c6 4. Bf4 h6 5. e3 Nf6 6. Nc3 Be7 7. Bd3 Nbd7 8. 0-0 a6 9. a3 b5 10. c5 a5 11. Re1 Nf8 12. Ne5 Bb7 13. Nxb5 g5 14. Bg3 h5 15. h3 Ne4 16. Bxe4 dxe4 17. Nc3 f5 18. Na4 Ra6 19. Qb3 Ra7 20. Nb6 Rh6 21. Qa4 Ra6 22. Nxc6 Bxc6 23. Qxc6+ Kf7 24. Qb5 Ra7 25. b4 axb4 26. axb4 Rxa1 27. Rxa1 Qe8 28. Qxe8+ Kxe8 29. c6 Bd8 30. Ra8 Kf7 31. Rxd8 Ng6 32. c7 1-0